Calculation, design and testing of reinforced concrete. (Record no. 546989)

000 -LEADER
fixed length control field 00455cam a22001571 4500
082 ## - DEWEY DECIMAL CLASSIFICATION NUMBER
Classification number 624.18341
Author Mark RAO
100 1# - MAIN ENTRY--PERSONAL NAME
Personal name Rao, Kanuru Lakshman.
9 (RLIN) 43187
245 10 - TITLE STATEMENT
Title Calculation, design and testing of reinforced concrete.
250 ## - EDITION STATEMENT
Edition statement 2d ed.
260 ## - PUBLICATION, DISTRIBUTION, ETC.
Place of publication, distribution, etc. London,
Name of publisher, distributor, etc. Pitman
Date of publication, distribution, etc. [1953]
300 ## - PHYSICAL DESCRIPTION
Extent 424 p.
Other physical details illus.
Dimensions 23 cm.
526 ## - STUDY PROGRAM INFORMATION NOTE
Program name 0
Interest level 0
Reading level 0
Title point value 624_183410000000000_RAO
650 #0 - SUBJECT ADDED ENTRY--TOPICAL TERM
Topical term or geographic name entry element MCE
9 (RLIN) 379
650 #0 - SUBJECT ADDED ENTRY--TOPICAL TERM
Topical term or geographic name entry element Reinforced concrete construction.
942 ## - ADDED ENTRY ELEMENTS (KOHA)
Source of classification or shelving scheme
Koha item type Book
Holdings
Withdrawn status Lost status Source of classification or shelving scheme Damaged status Not for loan Permanent Location Current Location Date acquired Total Checkouts Full call number Barcode Date last seen Price effective from Koha item type
          Military College of Engineering (MCE) Military College of Engineering (MCE) 06/27/2014   624.18341 RAO MCE-33395 06/27/2014 06/27/2014 Book
© 2023 Central Library, National University of Sciences and Technology. All Rights Reserved.